01067nam a22001697a 4500999001700000003000900017005001700026008004100043040003800084100004200122245004200164260007000206300000700276306001600283500058500299942001300884 c36210d36210BSD_FADE20230808081244.0230808b ||||| |||| 00| 0 spa d cMuseo de la Comunicacion Regional 4Luces de variedades. Federico Fellini aLuces de variedades. Federico Fellini aItaliabProductora: Capitolium Film, Distribución:Fincinec1950 aCD a100 minutos aLuces de variedades (Luci del varietà) es una película italiana de 1950 dirigida por Federico Fellini y Alberto Lattuada. La película significó el inicio de la carrera como director de Federico Fellini, si bien fue una colaboración (en la producción, dirección y guion) con Alberto Lattuada. Hasta ese momento, Fellini había trabajado principalmente como guionista (notable su participación en Roma, città aperta, de Roberto Rossellini), mientras que Lattuada era ya un reconocido y respetado director de películas neorrealistas y de adaptaciones literarias. 2ddccJRR